[Event "ARG-chT"]
[Site "Villa Martelli"]
[Date "2022.08.27"]
[Round "3.9"]
[White "Tomas Falcon, Jesus"]
[Black "Pereyra, Jonathan Leonel"]
[Result "1-0"]
[WhiteElo "2247"]
[BlackElo "1945"]
[PlyCount "73"]
[EventDate "2022.08.26"]
[EventType "team-swiss"]
[EventRounds "8"]
[EventCountry "ARG"]
[SourceTitle "EXT 2023"]
[Source "ChessBase"]
[SourceDate "2022.10.05"]
[SourceVersion "1"]
[SourceVersionDate "2022.10.05"]
[SourceQuality "1"]
[WhiteTeam "Tigre"]
[BlackTeam "Municipalidad de Moreno"]
[WhiteTeamCountry "ARG"]
[BlackTeamCountry "ARG"]

1. e4 e6 2. d4 d5 3. exd5 exd5 4. c4 Bb4+ 5. Nc3 Nf6 6. Bd3 0-0 7. h3 Re8+ 8. Nge2 Be6 9. c5 b6 10. cxb6 axb6 11. 0-0 h6 12. Nf4 Qd7 13. Qc2 c5 14. Nxe6 Qxe6 15. dxc5 bxc5 16. Nb5 c4 17. Bf5 Qb6 18. a4 Nc6 19. Bf4 Nd4 20. Nxd4 Qxd4 21. Be3 Qe5 22. Rfd1 Bd6 23. g3 Qe7 24. Bd4 Be5 25. Qc3 Bxd4 26. Rxd4 Reb8 27. Bc2 Ra7 28. b3 Rc7 29. bxc4 Rbc8 30. Bf5 Rxc4 31. Qb2 Rxd4 32. Qxd4 Rc4 33. Qd1 g6 34. Bd3 Rd4 35. Qe2 Qxe2 36. Bxe2 Kf8 37. a5 1-0

[Event "Villa Ballester 70th op"]
[Site "Villa Ballester"]
[Date "2020.01.24"]
[Round "7.5"]
[White "Tomas Falcon, Jesus"]
[Black "Contin, Daniel"]
[Result "1-0"]
[WhiteElo "2196"]
[BlackElo "2267"]
[PlyCount "71"]
[EventDate "2020.01.17"]
[EventType "swiss"]
[EventRounds "9"]
[EventCountry "ARG"]
[SourceTitle "EXT 2024"]
[Source "ChessBase"]
[SourceDate "2023.10.10"]
[SourceVersion "1"]
[SourceVersionDate "2023.10.10"]
[SourceQuality "1"]

1. d4 d5 2. Nf3 Nf6 3. c4 c6 4. e3 e6 5. b3 Bb4+ 6. Nbd2 c5 7. Bb2 cxd4 8. exd4 dxc4 9. bxc4 Qa5 10. Bd3 Bc3 11. Qc2 Bxb2 12. Qxb2 Nc6 13. 0-0 0-0 14. Ne4 Qb6 15. Nxf6+ gxf6 16. Qd2 Kg7 17. Qf4 Rd8 18. Rab1 Qa5 19. Rb5 Qc3 20. Rh5 Qxd3 21. Qh6+ Kg8 22. Qxf6 Rxd4 23. Rg5+ Kf8 24. Rg7 Rd7 25. Ng5 Re7 26. Nxf7 Ke8 27. Rg8+ Kd7 28. Rd8+ Nxd8 29. Ne5+ Kd6 30. c5+ Kd5 31. Nxd3 Nc6 32. Nb4+ Kxc5 33. Nxc6 Rc7 34. Qc3+ Kb6 35. Rb1+ Ka6 36. Qa5# 1-0

[Event "Buenos Aires ProAm op 26th"]
[Site "Buenos Aires"]
[Date "2019.10.13"]
[Round "8"]
[White "Tomas Falcon, Jesus"]
[Black "Dolezal, Cristian"]
[Result "1-0"]
[WhiteElo "2208"]
[BlackElo "2406"]
[PlyCount "109"]
[EventDate "2019.10.06"]
[EventType "team-swiss"]
[EventRounds "8"]
[EventCountry "ARG"]
[SourceTitle "CBM 192 Extra"]
[Source "Chessbase"]
[SourceDate "2019.11.06"]
[SourceVersion "1"]
[SourceVersionDate "2019.11.06"]
[SourceQuality "1"]

1. e4 c5 2. Nf3 Nc6 3. Bb5 d6 4. d4 cxd4 5. Qxd4 Bd7 6. Bxc6 bxc6 7. c4 e5 8. Qd3 Be7 9. Nc3 Qc7 10. 0-0 Nf6 11. Rd1 Rd8 12. Bg5 Bc8 13. b4 0-0 14. b5 Be6 15. Bxf6 Bxf6 16. Rac1 Rd7 17. Nd5 Bxd5 18. cxd5 c5 19. Rc3 Rb8 20. Nd2 Qc8 21. Rb1 Rdb7 22. Rcb3 Bd8 23. Nc4 Bc7 24. a4 Qd7 25. Qh3 Qxh3 26. Rxh3 g6 27. Rhb3 Kf8 28. b6 axb6 29. Na5 Ra7 30. Nc6 Rxa4 31. Nxb8 Bxb8 32. Rxb6 Bc7 33. Rb7 Bd8 34. Rb8 Ke8 35. f3 h5 36. R1b7 h4 37. h3 Rb4 38. Rxb4 cxb4 39. Kf2 Ke7 40. Ke3 f5 41. Kd3 b3 42. Rxb3 Ba5 43. Rb7+ Kf6 44. Rb5 Bc7 45. Kc4 fxe4 46. fxe4 Kg5 47. Rb7 Ba5 48. Rd7 Kf4 49. Rxd6 Kxe4 50. Rxg6 Kf5 51. Rh6 Bd8 52. d6 e4 53. d7 e3 54. Kd3 Kf4 55. Rh8 1-0

[Event "Buenos Aires Szmetan Giardelli op"]
[Site "Buenos Aires"]
[Date "2018.12.08"]
[Round "5"]
[White "Toniutti, Ezio"]
[Black "Tomas Falcon, Jesus"]
[Result "1-0"]
[WhiteElo "2301"]
[BlackElo "2155"]
[PlyCount "95"]
[EventDate "2018.12.04"]
[EventType "swiss"]
[EventRounds "9"]
[EventCountry "ARG"]
[SourceTitle "CBM 187 Extra"]
[Source "ChessBase"]
[SourceDate "2018.11.04"]
[SourceVersion "1"]
[SourceVersionDate "2018.11.04"]
[SourceQuality "1"]

1. d4 Nf6 2. c4 e6 3. Nc3 c5 4. d5 exd5 5. cxd5 d6 6. e4 g6 7. f4 Bg7 8. Bb5+ Nfd7 9. a4 Qh4+ 10. g3 Qe7 11. Nf3 0-0 12. 0-0 Na6 13. Re1 Nb4 14. Bf1 a6 15. Be3 Nf6 16. h3 c4 17. Bf2 Qc7 18. Kh2 b6 19. Qd2 Bb7 20. Rac1 Rfe8 21. Bd4 Rad8 22. Nb1 a5 23. Rxc4 Qd7 24. Bxb6 Nxe4 25. Rcxe4 Rxe4 26. Rxe4 Bxd5 27. Rxb4 Bxf3 28. Rb3 Qb7 29. Qe3 Bd5 30. Bxd8 Bxb3 31. Bg2 Qb8 32. Bxa5 Bxa4 33. Bc3 Qb3 34. Nd2 Qe6 35. Qxe6 fxe6 36. Bxg7 Kxg7 37. Kg1 Kf6 38. Kf2 e5 39. fxe5+ Kxe5 40. Ke3 d5 41. Nf3+ Kd6 42. Kd4 h6 43. Nh4 Bc2 44. Bxd5 g5 45. Nf3 Bf5 46. h4 gxh4 47. Nxh4 Bd7 48. b4 1-0

[Event "ARG-chT"]
[Site "Villa Martelli"]
[Date "2018.08.25"]
[Round "8.2"]
[White "Tomas Falcon, Jesus"]
[Black "Schnaider, Ilan"]
[Result "1-0"]
[WhiteElo "2152"]
[BlackElo "1716"]
[PlyCount "89"]
[EventDate "2018.07.07"]
[EventType "team-swiss"]
[EventRounds "9"]
[EventCountry "ARG"]
[SourceTitle "CBM 187 Extra"]
[Source "ChessBase"]
[SourceDate "2018.11.04"]
[SourceVersion "1"]
[SourceVersionDate "2018.11.04"]
[SourceQuality "1"]
[WhiteTeam "Tren Verde"]
[BlackTeam "Torre Blanca"]
[WhiteTeamCountry "ARG"]
[BlackTeamCountry "ARG"]

1. d4 Nf6 2. c4 g6 3. Nc3 d5 4. e3 Bg7 5. Nf3 0-0 6. h3 dxc4 7. Bxc4 Nbd7 8. 0-0 Nb6 9. Bb3 Bf5 10. Re1 Ne4 11. Nh4 Nxc3 12. bxc3 Be4 13. Qg4 Bd5 14. e4 Bxb3 15. axb3 c5 16. dxc5 Bxc3 17. Rd1 Qc8 18. Ra2 Qxc5 19. Rc2 Qb4 20. Nf5 h5 21. Qg3 Bf6 22. Nh6+ Kh7 23. Qe3 Bg7 24. Rd3 e6 25. Rc7 Rac8 26. Rxf7 Rxf7 27. Nxf7 Qb5 28. Bd2 Qc6 29. g3 Re8 30. Rd6 Qc8 31. e5 Kg8 32. Ng5 Nd5 33. Qe4 Ne7 34. Rxe6 Nf5 35. Qc4 Kh8 36. Nf7+ Kh7 37. Ng5+ Kh8 38. Qxc8 Rxc8 39. Rxg6 Bxe5 40. Nf7+ Kh7 41. Nxe5 Rc5 42. Re6 Ng7 43. Re7 Kg8 44. Nd7 Rc2 45. Bh6 1-0

[Event "ARG-chT"]
[Site "Villa Martelli"]
[Date "2018.08.18"]
[Round "7.1"]
[White "Tomas Falcon, Jesus"]
[Black "Axarlian, Carlos"]
[Result "1-0"]
[WhiteElo "2152"]
[BlackElo "2070"]
[PlyCount "67"]
[EventDate "2018.07.07"]
[EventType "team-swiss"]
[EventRounds "9"]
[EventCountry "ARG"]
[SourceTitle "CBM 187 Extra"]
[Source "ChessBase"]
[SourceDate "2018.11.04"]
[SourceVersion "1"]
[SourceVersionDate "2018.11.04"]
[SourceQuality "1"]
[WhiteTeam "Tren Verde"]
[BlackTeam "Ventajedrez Plastigal"]
[WhiteTeamCountry "ARG"]
[BlackTeamCountry "ARG"]

1. d4 Nf6 2. c4 c5 3. d5 e6 4. Nc3 exd5 5. cxd5 d6 6. e4 g6 7. f4 Bg7 8. Bb5+ Nfd7 9. a4 0-0 10. Nf3 Na6 11. 0-0 Nb4 12. Re1 a6 13. Bf1 Re8 14. Be3 Nf6 15. Bf2 Nh5 16. g3 b6 17. Nd2 Nf6 18. h3 Rb8 19. Nc4 Bb7 20. Bg2 Nh5 21. Bf3 Bc8 22. Kh2 Bd4 23. Bxd4 cxd4 24. Na2 Nxa2 25. Rxa2 Nxf4 26. gxf4 Qh4 27. Bg2 b5 28. axb5 axb5 29. Nd2 Qxf4+ 30. Kh1 Qg3 31. Ra3 Qf2 32. Rf1 Qh4 33. Nf3 Qxe4 34. Re1 1-0

[Event "ARG-chT"]
[Site "Villa Martelli"]
[Date "2017.09.16"]
[Round "7.1"]
[White "Tomas Falcon, Jesus"]
[Black "Della Morte, German"]
[Result "0-1"]
[WhiteElo "2170"]
[BlackElo "2329"]
[PlyCount "136"]
[EventDate "2017.08.05"]
[EventType "team-swiss"]
[EventRounds "9"]
[EventCountry "ARG"]
[SourceTitle "CBM 180 Extra"]
[Source "ChessBase"]
[SourceDate "2017.10.06"]
[SourceVersion "1"]
[SourceVersionDate "2017.10.06"]
[SourceQuality "1"]
[WhiteTeam "Mar del Plata"]
[BlackTeam "Tres de Febrero Ajedrez"]
[WhiteTeamCountry "ARG"]
[BlackTeamCountry "ARG"]

1. d4 Nf6 2. c4 e6 3. Nc3 Bb4 4. e3 0-0 5. Bd3 d6 6. Nge2 e5 7. 0-0 exd4 8. exd4 d5 9. cxd5 Nbd7 10. Ng3 Nb6 11. Bg5 Be7 12. Re1 h6 13. Bxf6 Bxf6 14. Qf3 g6 15. h4 Bxh4 16. Nge4 c6 17. dxc6 bxc6 18. Nc5 Qxd4 19. Re4 Qxc5 20. Rxh4 Kg7 21. Re1 Bd7 22. Qf4 Qg5 23. Qd4+ Qf6 24. Qxf6+ Kxf6 25. Rxh6 Rfe8 26. Rc1 Rad8 27. Rh7 Be6 28. Ne4+ Ke5 29. Nc5 Bxa2 30. b3 Re7 31. Re1+ Kd6 32. Rxe7 Kxe7 33. Bxg6 Rf8 34. Bc2 Rd8 35. Ne4 Rd4 36. g4 Nd7 37. g5 Ne5 38. f4 Ng6 39. Nf6 Rd2 40. Bxg6 Bxb3 41. Be4 a5 42. g6 Kxf6 43. g7 Rd8 44. Kf2 Rg8 45. Bxc6 a4 46. Rh3 Rxg7 47. Be4 Rg4 48. Rh6+ Kg7 49. Rh7+ Kg8 50. Kf3 Bd1+ 51. Ke3 Rg3+ 52. Kd4 a3 53. Rh1 Bb3 54. f5 Kg7 55. Ke5 f6+ 56. Kd4 a2 57. Bd3 Bf7 58. Rc1 Kh6 59. Kc3 Kg5 60. Kd4 Rg2 61. Be4 Rb2 62. Rg1+ Kh6 63. Rh1+ Kg7 64. Rg1+ Kf8 65. Kc3 Rb3+ 66. Kd2 Bc4 67. Bc2 Rf3 68. Be4 Rf1 0-1

[Event "ARG-ch sf 92nd"]
[Site "Buenos Aires"]
[Date "2017.07.15"]
[Round "6"]
[White "Villegas, Franco"]
[Black "Tomas Falcon, Jesus"]
[Result "0-1"]
[WhiteElo "2292"]
[BlackElo "2132"]
[PlyCount "72"]
[EventDate "2017.07.10"]
[EventType "swiss"]
[EventRounds "9"]
[EventCountry "ARG"]
[SourceTitle "EXT 2018"]
[Source "ChessBase"]
[SourceDate "2017.10.13"]
[SourceVersion "1"]
[SourceVersionDate "2017.10.13"]
[SourceQuality "1"]

1. e4 e6 2. d4 d5 3. Nd2 a6 4. Ngf3 Nf6 5. e5 Nfd7 6. Bd3 c5 7. c3 Nc6 8. 0-0 g5 9. h4 h6 10. h5 g4 11. Nh2 Rg8 12. Nxg4 Qh4 13. Ne3 cxd4 14. Nf3 Qxh5 15. cxd4 f5 16. exf6 Nxf6 17. Be2 Ng4 18. g3 e5 19. Nxg4 Bxg4 20. dxe5 0-0-0 21. Bf4 d4 22. Qd3 Bf5 23. Qc4 d3 24. Bd1 Rg6 25. Nh2 Qh3 26. Rc1 d2 27. Rc3 Be6 28. Qa4 Bd5 29. f3 Bc5+ 30. Rxc5 Rxg3+ 31. Kf2 Rg2+ 32. Ke3 Rxh2 33. Bxh2 Qxf1 34. Qg4+ Kb8 35. f4 Qe1+ 36. Qe2 Bf3 0-1

[Event "ARG-ch sf 92nd"]
[Site "Buenos Aires"]
[Date "2017.07.14"]
[Round "5"]
[White "Tomas Falcon, Jesus"]
[Black "Fiorito, Fabian"]
[Result "0-1"]
[WhiteElo "2132"]
[BlackElo "2392"]
[PlyCount "118"]
[EventDate "2017.07.10"]
[EventType "swiss"]
[EventRounds "9"]
[EventCountry "ARG"]
[SourceTitle "EXT 2018"]
[Source "ChessBase"]
[SourceDate "2017.10.13"]
[SourceVersion "1"]
[SourceVersionDate "2017.10.13"]
[SourceQuality "1"]

1. d4 Nf6 2. c4 d6 3. g3 Nbd7 4. Nf3 e5 5. Bg2 Be7 6. 0-0 0-0 7. Qc2 Re8 8. Rd1 Bf8 9. Nc3 c6 10. e4 h6 11. dxe5 dxe5 12. a3 a5 13. Rb1 Qe7 14. b3 Nc5 15. b4 axb4 16. axb4 Na6 17. b5 Nc5 18. h3 Qc7 19. b6 Qb8 20. Be3 Ra3 21. Nd2 Qa8 22. Nb3 Nxb3 23. Rxb3 Be6 24. Rxa3 Qxa3 25. Nb1 Qa5 26. Nd2 Nd7 27. Nb3 Qb4 28. Bf1 Nxb6 29. Nd2 Qa4 30. Qc1 Nd7 31. c5 Bxc5 32. Nc4 Bxe3 33. Nxe3 Nf6 34. Qc3 Qa7 35. Bg2 Qb8 36. Rb1 Rd8 37. Nf5 Bxf5 38. exf5 Qc7 39. Qb4 Rd7 40. Qc5 e4 41. g4 Rd5 42. Qa7 Rd7 43. Qe3 Re7 44. Ra1 Re8 45. Ra7 Nd5 46. Qb3 Re7 47. Ra8+ Kh7 48. Qc2 Nf6 49. Qe2 Qf4 50. Rf8 e3 51. fxe3 Rxe3 52. Qd2 Ne4 53. Bxe4 Rg3+ 54. Qg2 Qe3+ 55. Kh2 Rxg2+ 56. Bxg2 Qe5+ 57. Kh1 Qe7 58. Ra8 h5 59. gxh5 Kh6 0-1

[Event "ARG-ch sf 92nd"]
[Site "Buenos Aires"]
[Date "2017.07.12"]
[Round "3"]
[White "Tomas Falcon, Jesus"]
[Black "Lojo, Juan Antonio"]
[Result "1-0"]
[WhiteElo "2132"]
[BlackElo "1795"]
[PlyCount "32"]
[EventDate "2017.07.10"]
[EventType "swiss"]
[EventRounds "9"]
[EventCountry "ARG"]
[SourceTitle "EXT 2018"]
[Source "ChessBase"]
[SourceDate "2017.10.13"]
[SourceVersion "1"]
[SourceVersionDate "2017.10.13"]
[SourceQuality "1"]

1. d4 Nf6 2. c4 c5 3. d5 b5 4. cxb5 a6 5. f3 d6 6. e4 g6 7. Na3 Bg7 8. Ne2 axb5 9. Nxb5 0-0 10. Nec3 Qa5 11. Be2 Ba6 12. 0-0 Nbd7 13. Bd2 Rfb8 14. a4 Qb4 15. Qc2 c4 16. Nd1 Qc5+ 1-0

[Event "Villa Martelli ProAm op 23rd"]
[Site "Villa Martelli"]
[Date "2016.11.25"]
[Round "7"]
[White "Garcia Campitelli, Gonzalo"]
[Black "Tomas Falcon, Jesus"]
[Result "0-1"]
[WhiteElo "2029"]
[BlackElo "2140"]
[PlyCount "42"]
[EventDate "2016.11.20"]
[EventType "swiss"]
[EventRounds "9"]
[EventCountry "ARG"]
[SourceTitle "CBM 175 Extra"]
[Source "ChessBase"]
[SourceDate "2016.12.12"]
[SourceVersion "1"]
[SourceVersionDate "2016.12.12"]
[SourceQuality "1"]

1. d4 Nf6 2. c4 c5 3. d5 e6 4. Nc3 exd5 5. cxd5 d6 6. g3 g6 7. Bg2 Bg7 8. Nf3 0-0 9. 0-0 a6 10. a4 Re8 11. Nd2 Nbd7 12. Nc4 Nb6 13. Ne3 Ng4 14. Qb3 Nxe3 15. Bxe3 Bd7 16. a5 Nc8 17. Qxb7 Ne7 18. Bg5 Rb8 19. Qxa6 Qc7 20. Bxe7 Rxe7 21. Ne4 Rxe4 0-1

[Event "Villa Martelli ProAm op 23rd"]
[Site "Villa Martelli"]
[Date "2016.11.22"]
[Round "4"]
[White "Tomas Falcon, Jesus"]
[Black "Martin, Luis Jacinto"]
[Result "1-0"]
[WhiteElo "2140"]
[BlackElo "1808"]
[PlyCount "49"]
[EventDate "2016.11.20"]
[EventType "swiss"]
[EventRounds "9"]
[EventCountry "ARG"]
[SourceTitle "CBM 175 Extra"]
[Source "ChessBase"]
[SourceDate "2016.12.12"]
[SourceVersion "1"]
[SourceVersionDate "2016.12.12"]
[SourceQuality "1"]

1. e4 e6 2. d4 d5 3. Nc3 Nf6 4. Bg5 Bb4 5. e5 h6 6. Bd2 Bxc3 7. bxc3 Ne4 8. Qg4 g6 9. Bd3 Nxd2 10. Kxd2 c5 11. h4 Qa5 12. Rh3 Rg8 13. Nf3 Nc6 14. dxc5 Qxc5 15. Rf1 Qe7 16. Rg3 Bd7 17. Qf4 Rh8 18. Rb1 0-0-0 19. Nd4 a6 20. Qe3 Qxh4 21. Nf3 Qe7 22. Qb6 Be8 23. Bxa6 Qc7 24. Bxb7+ Kd7 25. Bxc6+ 1-0

[Event "Villa Martelli ProAm op 23rd"]
[Site "Villa Martelli"]
[Date "2016.11.20"]
[Round "1"]
[White "Parisi, Thiago"]
[Black "Tomas Falcon, Jesus"]
[Result "0-1"]
[WhiteElo "1538"]
[BlackElo "2140"]
[PlyCount "38"]
[EventDate "2016.11.20"]
[EventType "swiss"]
[EventRounds "9"]
[EventCountry "ARG"]
[SourceTitle "CBM 175 Extra"]
[Source "ChessBase"]
[SourceDate "2016.12.12"]
[SourceVersion "1"]
[SourceVersionDate "2016.12.12"]
[SourceQuality "1"]

1. e4 c5 2. Nc3 e6 3. f4 d5 4. Bb5+ Nc6 5. Bxc6+ bxc6 6. d3 Be7 7. Nf3 Nf6 8. 0-0 Qc7 9. Qe1 Bb7 10. Qg3 g6 11. Ne5 Nh5 12. Qg4 f6 13. Nxg6 hxg6 14. Qxg6+ Kd7 15. f5 Rag8 16. fxe6+ Kd8 17. Qf5 Qxh2+ 18. Kxh2 Nf4+ 19. Qh3 Rxg2+ 0-1

[Event "ARG-chT"]
[Site "Villa Martelli"]
[Date "2016.10.01"]
[Round "2.8"]
[White "Coro, Lucas"]
[Black "Tomas Falcon, Jesus"]
[Result "1-0"]
[WhiteElo "2080"]
[BlackElo "2140"]
[PlyCount "89"]
[EventDate "2016.09.24"]
[EventType "team-swiss"]
[EventRounds "9"]
[EventCountry "ARG"]
[SourceTitle "EXT 2017"]
[Source "ChessBase"]
[SourceDate "2016.10.25"]
[SourceVersion "1"]
[SourceVersionDate "2016.10.25"]
[SourceQuality "1"]
[WhiteTeam "Club Argentino"]
[BlackTeam "Mar del Plata"]
[WhiteTeamCountry "ARG"]
[BlackTeamCountry "ARG"]

1. e4 c5 2. Nf3 d6 3. Bb5+ Nd7 4. c3 Ngf6 5. Qe2 a6 6. Ba4 b5 7. Bc2 Bb7 8. 0-0 Rc8 9. d4 cxd4 10. cxd4 Rxc2 11. Qxc2 Bxe4 12. Qe2 e6 13. Bf4 Be7 14. Nbd2 Bb7 15. Rfc1 Nd5 16. Bg3 h5 17. Ne4 N7f6 18. Nxf6+ Bxf6 19. h3 g5 20. a4 Qb6 21. axb5 axb5 22. h4 gxh4 23. Bxh4 Bxh4 24. Nxh4 Qxd4 25. Qxb5+ Ke7 26. Qxb7+ Kf6 27. Nf3 Qf4 28. Qa7 e5 29. Qa4 e4 30. Qd4+ Ke6 31. Re1 Nf6 32. Nd2 Kf5 33. Nxe4 Ng4 34. Ng3+ Kg5 35. Qxf4+ Kxf4 36. Ra5 Ne5 37. Re4+ Kg5 38. f4+ Kf6 39. fxe5+ dxe5 40. Raxe5 Rg8 41. Nxh5+ Kg6 42. Rg4+ Kh6 43. Rxg8 f6 44. Re7 f5 45. Nf6 1-0

[Event "ARG-ch U18"]
[Site "Villa Martelli"]
[Date "2016.05.30"]
[Round "7.4"]
[White "Tomas Falcon, Jesus"]
[Black "Lagar, Valentin Alejo"]
[Result "0-1"]
[WhiteElo "2144"]
[BlackElo "2216"]
[PlyCount "80"]
[EventDate "2016.05.28"]
[EventType "swiss"]
[EventRounds "9"]
[EventCountry "ARG"]
[SourceTitle "EXT 2024"]
[Source "ChessBase"]
[SourceDate "2023.10.10"]
[SourceVersion "1"]
[SourceVersionDate "2023.10.10"]
[SourceQuality "1"]

1. e4 e5 2. Nf3 Nc6 3. Bc4 Bc5 4. c3 Nf6 5. d4 exd4 6. cxd4 Bb4+ 7. Nc3 Nxe4 8. 0-0 Bxc3 9. Qc2 d5 10. bxc3 0-0 11. Bd3 Re8 12. c4 Nb4 13. Qb3 Nxd3 14. Qxd3 dxc4 15. Qxc4 Be6 16. Qb4 Bd5 17. Bf4 b6 18. Rac1 c6 19. Qb2 f6 20. h4 Qd7 21. Nh2 Qf5 22. g3 Qh3 23. f3 Nxg3 24. Rfe1 Qxh4 25. Bc7 Ne2+ 26. Rxe2 Rxe2 27. Qxe2 Qg5+ 28. Ng4 Qxc1+ 29. Kh2 Kf7 30. Qd3 Re8 31. Qxh7 Re2+ 32. Kg3 Qg1+ 33. Kf4 Qxd4+ 34. Kg3 Qg1+ 35. Kf4 Qc1+ 36. Kg3 Qg5 37. Bf4 Qg6 38. Qh1 f5 39. Qf1 fxg4 40. fxg4 Rg2+ 0-1

[Event "ARG-ch U18"]
[Site "Villa Martelli"]
[Date "2016.05.29"]
[Round "4.1"]
[White "Amato, Leonel"]
[Black "Tomas Falcon, Jesus"]
[Result "0-1"]
[WhiteElo "2089"]
[BlackElo "2144"]
[PlyCount "104"]
[EventDate "2016.05.28"]
[EventType "swiss"]
[EventRounds "9"]
[EventCountry "ARG"]
[SourceTitle "EXT 2024"]
[Source "ChessBase"]
[SourceDate "2023.10.10"]
[SourceVersion "1"]
[SourceVersionDate "2023.10.10"]
[SourceQuality "1"]

1. e4 c5 2. Nf3 Nc6 3. d4 cxd4 4. Nxd4 Nf6 5. Nc3 d6 6. f3 e5 7. Nb3 Be7 8. Be3 0-0 9. Qd2 a5 10. Bb5 Be6 11. 0-0 Qc7 12. Rad1 Rfd8 13. Qf2 Nd7 14. Nd5 Bxd5 15. exd5 Ncb8 16. f4 exf4 17. Bxf4 Bf6 18. c3 Nf8 19. Nd4 Ng6 20. Be3 Nd7 21. Nf5 Rf8 22. Bxd7 Qxd7 23. Bd4 Be5 24. Rde1 Rae8 25. Bxe5 Nxe5 26. Qg3 g6 27. Re4 Kh8 28. Nd4 Nc4 29. Ref4 Ne3 30. Qg5 f6 31. Ne6 Nxf1 32. Rxf6 Rxf6 33. Qxf6+ Kg8 34. Qxf1 Rc8 35. Qf4 b5 36. h4 Qe7 37. Qg3 Rc4 38. h5 Qh4 39. Qxh4 Rxh4 40. hxg6 hxg6 41. Kf2 Rc4 42. a3 Kf7 43. Nd8+ Kf6 44. Nb7 Ke5 45. Nxa5 Re4 46. Nc6+ Kxd5 47. Nd4 Kc5 48. g3 d5 49. Ne2 Kc4 50. Nd4 Rxd4 51. cxd4 Kb3 52. Ke3 Kxb2 0-1

[Event "ARG-ch U18"]
[Site "Villa Martelli"]
[Date "2016.05.29"]
[Round "5.5"]
[White "Tomas Falcon, Jesus"]
[Black "Villegas, Franco"]
[Result "0-1"]
[WhiteElo "2144"]
[BlackElo "2165"]
[PlyCount "66"]
[EventDate "2016.05.28"]
[EventType "swiss"]
[EventRounds "9"]
[EventCountry "ARG"]
[SourceTitle "EXT 2024"]
[Source "ChessBase"]
[SourceDate "2023.10.10"]
[SourceVersion "1"]
[SourceVersionDate "2023.10.10"]
[SourceQuality "1"]

1. e4 c5 2. Nf3 Nc6 3. Nc3 Nf6 4. d4 cxd4 5. Nxd4 Qb6 6. Ndb5 a6 7. Be3 Qa5 8. Na3 e6 9. Nc4 Qc7 10. Bb6 Qb8 11. Qd2 Bb4 12. Qg5 0-0 13. Bd3 d5 14. Nd2 d4 15. Ncb1 Nd7 16. c3 Be7 17. Qh5 Nxb6 18. cxd4 Nxd4 19. Nc3 Bd6 20. 0-0 Bf4 21. Nb3 Nxb3 22. axb3 Qe5 23. Qe2 Bxh2+ 24. Kh1 f5 25. f4 Bxf4 26. Qf2 fxe4 27. Be2 e3 28. Qf3 Bd7 29. Bd3 Rf6 30. Rfd1 Rh6+ 31. Kg1 Bh2+ 32. Kh1 Rf8 33. Qg4 Bg1+ 0-1

[Event "ARG-ch U18"]
[Site "Villa Martelli"]
[Date "2016.05.28"]
[Round "2.2"]
[White "Tomas Falcon, Jesus"]
[Black "Leal, Jorge Augusto"]
[Result "1/2-1/2"]
[WhiteElo "2144"]
[BlackElo "2173"]
[PlyCount "104"]
[EventDate "2016.05.28"]
[EventType "swiss"]
[EventRounds "9"]
[EventCountry "ARG"]
[SourceTitle "EXT 2024"]
[Source "ChessBase"]
[SourceDate "2023.10.10"]
[SourceVersion "1"]
[SourceVersionDate "2023.10.10"]
[SourceQuality "1"]

1. e4 e6 2. d4 d5 3. Nc3 Bb4 4. a3 Bxc3+ 5. bxc3 dxe4 6. Qg4 Qf6 7. Qxe4 Qg6 8. Qxg6 hxg6 9. Bf4 c6 10. Bd3 Nf6 11. Nf3 Nbd7 12. Bd6 Ng4 13. h3 Nh6 14. Kd2 Nf5 15. Bc7 Nf6 16. g4 Ne7 17. Bd6 b6 18. a4 Bb7 19. Rab1 c5 20. Ke2 Nfd5 21. Rb3 cxd4 22. cxd4 0-0-0 23. Bg3 Nc6 24. c3 Na5 25. Ra3 Bc6 26. Rc1 Kb7 27. Ne5 Rhf8 28. Kd2 Rc8 29. Be2 Nf6 30. Nxc6 Nxc6 31. f3 Rfd8 32. Bf2 e5 33. Ke1 exd4 34. cxd4 Nxd4 35. Rxc8 Kxc8 36. Ba6+ Kb8 37. Rc3 Ne6 38. Bg3+ Ka8 39. Bb5 a5 40. g5 Nd5 41. Rc4 Nxg5 42. Kf2 Ne6 43. Rc1 Ka7 44. Kg1 Nd4 45. Bd3 Nxf3+ 46. Kh1 Nd4 47. Bf1 Nb3 48. Rd1 Nc5 49. Bg2 Nxa4 50. Be1 Nb2 51. Rxd5 Rxd5 52. Bxd5 Nd3 1/2-1/2

[Event "Monte Grande Ponzo Cup U2200 12th"]
[Site "Monte Grande"]
[Date "2015.06.20"]
[Round "6.1"]
[White "Sica, Mauro"]
[Black "Tomas Falcon, Jesus"]
[Result "0-1"]
[WhiteElo "2101"]
[BlackElo "2103"]
[PlyCount "68"]
[EventDate "2015.06.13"]
[EventType "swiss"]
[EventRounds "7"]
[EventCountry "ARG"]
[SourceTitle "EXT 2024"]
[Source "ChessBase"]
[SourceDate "2023.10.10"]
[SourceVersion "1"]
[SourceVersionDate "2023.10.10"]
[SourceQuality "1"]

1. d4 Nf6 2. c4 g6 3. Nc3 Bg7 4. e4 d6 5. h3 0-0 6. Nf3 e5 7. d5 a5 8. Bg5 Na6 9. g4 Nc5 10. Nd2 Bd7 11. Be2 c6 12. h4 Qb6 13. Bxf6 Bxf6 14. Qc2 a4 15. Rb1 Qb4 16. Kf1 Be7 17. h5 f5 18. hxg6 fxg4 19. Rxh7 Bg5 20. Kg2 Qb6 21. Rf1 Rf6 22. Rh5 Rxg6 23. Rfh1 Kg7 24. Rh7+ Kf6 25. Nf1 Rg7 26. Rxg7 Kxg7 27. Ng3 a3 28. b3 Rf8 29. Bd1 Kg6 30. Nf5 Rxf5 31. exf5+ Bxf5 32. Qe2 Nd3 33. Kg1 Qd4 34. Nb1 Nxf2 0-1